भारतीय संस्कृति के आधार स्तम्भ / (Record no. 17224)

MARC details
000 -LEADER
fixed length control field 01252nam a22002537a 4500
005 - DATE AND TIME OF LATEST TRANSACTION
control field 2008102403483.0
008 - FIXED-LENGTH DATA ELEMENTS--GENERAL INFORMATION
fixed length control field 081024t xxu||||| |||| 00| 0 hin d
010 ## - LCCN (DPL NO)
LC control number HIN-84505
020 ## - INTERNATIONAL STANDARD BOOK NUMBER
International Standard Book Number 8188418285
Terms of availability 500.00
035 ## - SYSTEM CONTROL NUMBER
System control number HN-56851
037 ## - SOURCE OF ACQUISITION
Source of stock number/acquisition DBAD / PUB
040 ## - CATALOGING SOURCE
Original cataloging agency DPL
Language of cataloging HN
082 ## - DEWEY DECIMAL CLASSIFICATION NUMBER
Classification number 306.0954
100 ## - MAIN ENTRY--PERSONAL NAME
Personal name शर्मा, योगेश चन्द्र
245 ## - TITLE STATEMENT
Title भारतीय संस्कृति के आधार स्तम्भ /
Statement of responsibility, etc योगेश चन्द्र शर्मा
246 ## - VARYING FORM OF TITLE
Title proper/short title Bhaartiya sanskriti ke aadhaara stambha
Remainder of title by Yogesh Chandra Sharma
260 ## - PUBLICATION, DISTRIBUTION, ETC. (IMPRINT)
Place of publication, distribution, etc जयपुर
Name of publisher, distributor, etc गीतांजलि प्रकाशन
Date of publication, distribution, etc 2008
270 ## - ADDRESS
Address फिल्म कालोनी, चौड़ा रास्ता
City जयपुर
Postal code 302003
Telephone number 0141 2314172
300 ## - PHYSICAL DESCRIPTION
Extent 280पृ
Dimensions 22सेमी (सजिल्द)
651 ## - SUBJECT ADDED ENTRY--GEOGRAPHIC NAME
Geographic name भारत
General subdivision सभ्यता
651 ## - SUBJECT ADDED ENTRY--GEOGRAPHIC NAME
Geographic name India
General subdivision Civilization
942 ## - ADDED ENTRY ELEMENTS (KOHA)
Source of classification or shelving scheme Dewey Decimal Classification
Item type Hindi Books
Call number suffix शर्मायो
Classification part 306.0954
Holdings
Withdrawn status Lost status Source of classification or shelving scheme Damaged status Not for loan Collection code Home library Current library Date acquired Source of acquisition Cost, normal purchase price Total Checkouts Full call number Barcode Date last seen Copy number Cost, replacement price Koha item type
    Dewey Decimal Classification   Not For Loan Non-fiction D.B.Act.Division D.B.Act.Division 24/10/2008 DBAD / PUB 500.00   306.0954 शर्मायो HN-56851 24/10/2008 1 500.00 Hindi Books

© Delhi Public Library
Hit Counter
free hit counter